[Event "Paracin 2018"]
[Site "Paracin"]
[Date "2018.07.07"]
[Round "3.3"]
[White "Radovanovic, Mihajlo"]
[Black "Shyam, Sundar M"]
[Result "1-0"]
[WhiteElo "2402"]
[BlackElo "2527"]
[PlyCount "49"]
[EventDate "2018.??.??"]

1. Nf3 Nf6 2. g3 g6 3. Bg2 Bg7 4. O-O O-O 5. c4 d6 6. d4 c6 7. Nc3 Bf5 8. Bg5
h6 9. Bf4 Qc8 10. Re1 Nh5 11. e4 Be6 12. Bd2 Bxc4 13. e5 Be6 14. Nh4 Rd8 15.
Be4 dxe5 16. Bxg6 Nf6 17. dxe5 Ng4 18. Bb1 Qd7 19. Qe2 Nxe5 20. Bxh6 Bxh6 21.
Qxe5 Na6 22. Qh5 Qd2 23. Nf3 Rd5 24. Nxd5 Qxd5 25. Qxh6 1-0

[Event "Paracin 2018"]
[Site "Paracin, Hotel Petrus"]
[Date "2018.07.07"]
[Round "3.31"]
[White "Cirovic, Miroljub"]
[Black "Vaishali, R."]
[Result "0-1"]
[WhiteElo "2183"]
[BlackElo "2337"]
[PlyCount "98"]
[EventDate "2018.07.06"]

1. d4 Nf6 2. c4 c5 3. d5 b5 4. cxb5 a6 5. bxa6 g6 6. Nc3 Bg7 7. Nf3 O-O 8. e4
Qa5 9. Nd2 Bxa6 10. Be2 e6 11. O-O exd5 12. exd5 Bxe2 13. Qxe2 Re8 14. Qf3 Na6
15. a3 Nc7 16. Rb1 Qa6 17. Rd1 Re5 18. Nf1 Rf5 19. Qe2 Qxe2 20. Nxe2 Nfxd5 21.
Ne3 Re5 22. Nc3 Nb6 23. Nc2 Ncd5 24. Ne3 Nxe3 25. Bxe3 Nc4 26. Nd5 Nxe3 27.
Nxe3 Re7 28. Nd5 Re2 29. Nb6 Ra7 30. Rxd7 Rxd7 31. Nxd7 Bd4 32. Nb6 Rxf2 33.
Kh1 Bxb2 34. a4 Bd4 35. g3 Ra2 36. Rb5 g5 37. h3 Kg7 38. g4 h5 39. Nd7 Ra1+ 40.
Kg2 Ra2+ 41. Kf3 Ra3+ 42. Ke4 hxg4 43. hxg4 Rxa4 44. Kf5 Be3 45. Nxc5 Rf4+ 46.
Ke5 Bd4+ 47. Kd5 Bxc5 48. Rxc5 Rxg4 49. Ke5 Rf4 0-1

[Event "Paracin 2018"]
[Site "Paracin, Hotel Petrus"]
[Date "2018.07.07"]
[Round "3.32"]
[White "Djukic, Sandra"]
[Black "Kulkarni, Chinmay"]
[Result "0-1"]
[WhiteElo "2181"]
[BlackElo "2336"]
[PlyCount "123"]
[EventDate "2018.07.06"]

1. d4 d5 2. c4 c6 3. Nf3 Nf6 4. e3 Bf5 5. Nc3 e6 6. Nh4 Be4 7. Qb3 Qb6 8. f3
Bg6 9. Nxg6 hxg6 10. Bd2 Nbd7 11. O-O-O Be7 12. Kb1 Qc7 13. cxd5 Nxd5 14. Nxd5
exd5 15. e4 Nf6 16. e5 Nd7 17. f4 O-O-O 18. Be2 Kb8 19. Bf3 f5 20. g3 Nf8 21.
Bb4 Ne6 22. Bxe7 Qxe7 23. h4 Rc8 24. a3 Rhd8 25. Rh2 Qc7 26. Rhd2 Qb6 27. Qxb6
axb6 28. b4 b5 29. Kb2 Kc7 30. Bg2 Rh8 31. Rc1 Kd7 32. Rc3 Ke7 33. Rc1 Ra8 34.
Re1 Ra6 35. Re3 Nc7 36. Bf1 Na8 37. Rg2 Nc7 38. Rd2 Raa8 39. Bg2 Ne6 40. Rc3
Raf8 41. Rf3 Nc7 42. Bf1 Na8 43. Rg2 Rf7 44. Rgf2 Nb6 45. Kb3 Ke6 46. Rg2 Nc4
47. Ka2 b6 48. Bd3 Ra7 49. Bxc4 dxc4 50. g4 Rxh4 51. gxf5+ Kxf5 52. Rfg3 Rxf4
53. Rxg6 Rf2+ 54. Rxf2+ Kxg6 55. Rf8 Rd7 56. Rc8 Rxd4 57. Rxc6+ Kf5 58. Rxb6
Rd2+ 59. Kb1 Kxe5 60. Rxb5+ Kd4 61. Rg5 Kc3 62. Rg3+ 0-1

[Event "Paracin 2018"]
[Site "Paracin, Hotel Petrus"]
[Date "2018.07.07"]
[Round "3.33"]
[White "Sylvan, Jacob"]
[Black "Cholleti, Sahajasri"]
[Result "1/2-1/2"]
[WhiteElo "2332"]
[BlackElo "2169"]
[PlyCount "42"]
[EventDate "2018.07.06"]

1. e4 c5 2. Nf3 d6 3. d4 cxd4 4. Nxd4 Nf6 5. Nc3 a6 6. h3 e6 7. g4 Be7 8. Bg2
Nfd7 9. O-O Nc6 10. Be3 O-O 11. Nce2 Nde5 12. b3 Nxd4 13. Nxd4 Nc6 14. Ne2 b5
15. Rc1 Bb7 16. c4 Rc8 17. Qd2 bxc4 18. Rxc4 Ne5 19. Rxc8 Qxc8 20. Nc3 Qa8 21.
Bd4 Ng6 1/2-1/2

[Event "Paracin 2018"]
[Site "Paracin, Hotel Petrus"]
[Date "2018.07.07"]
[Round "3.34"]
[White "Krstic, Milos"]
[Black "Becker, Marcel"]
[Result "1/2-1/2"]
[WhiteElo "2137"]
[BlackElo "2330"]
[PlyCount "45"]
[EventDate "2018.07.06"]

1. e4 c6 2. d4 d5 3. Nc3 dxe4 4. Nxe4 Bf5 5. Ng3 Bg6 6. h4 h6 7. Nf3 Nd7 8. h5
Bh7 9. Bd3 Bxd3 10. Qxd3 e6 11. Bd2 Ngf6 12. O-O-O Be7 13. Kb1 O-O 14. Qe2 Qb6
15. Ne5 Rad8 16. Bc1 c5 17. Nxd7 Rxd7 18. dxc5 Bxc5 19. Rxd7 Nxd7 20. Ne4 Be7
21. Rd1 Nf6 22. Nxf6+ Bxf6 23. g4 1/2-1/2

[Event "Paracin 2018"]
[Site "Paracin, Hotel Petrus"]
[Date "2018.07.07"]
[Round "3.35"]
[White "Marjanovic, Annamaria"]
[Black "Uuriintuya, Uurtsaikh"]
[Result "1/2-1/2"]
[WhiteElo "2325"]
[BlackElo "2158"]
[PlyCount "151"]
[EventDate "2018.07.06"]

1. d4 Nf6 2. c4 g6 3. Nc3 Bg7 4. e4 d6 5. Be2 O-O 6. Bg5 Na6 7. f4 c6 8. Qd2 b5
9. cxb5 cxb5 10. Bxb5 Rb8 11. Bxf6 exf6 12. Nf3 f5 13. exf5 Nb4 14. O-O Bxf5
15. a3 Nd5 16. a4 Nc7 17. h3 Bc8 18. Bc4 Rb4 19. Bd5 Ba6 20. Rf2 Bc8 21. Bc6
Rb8 22. Nb5 Ne6 23. Bd5 a6 24. Nc3 Rb4 25. Nb5 a5 26. Kh1 Qb6 27. Bxe6 Bxe6 28.
Qe3 Bd7 29. Rd2 Bxb5 30. axb5 Qxb5 31. Qe7 Rxb2 32. Rxb2 Qxb2 33. Rxa5 Qc1+ 34.
Qe1 Qxf4 35. Qa1 Qe4 36. Qc3 Qb1+ 37. Kh2 Bh6 38. Ra1 Qe4 39. Qc4 Bf4+ 40. Kh1
Rb8 41. Qf1 h5 42. Re1 Qf5 43. Qf2 Rb1 44. Qf1 Rb2 45. Qc4 Bg3 46. Rf1 Rb1 47.
Kg1 Kg7 48. Qe2 Qb5 49. Qxb5 Rxb5 50. Nd2 Bh4 51. Ne4 Rd5 52. Rd1 f5 53. Nc3
Ra5 54. Kf1 Be7 55. Ke2 Bf6 56. Kd3 g5 57. Rf1 Be7 58. Kc4 f4 59. Kd3 Bf6 60.
Kc4 Kg6 61. Kd3 Ra8 62. Re1 Kf5 63. Rb1 Ke6 64. Re1+ Kf5 65. Rb1 Ke6 66. Re1+
Kd7 67. Rb1 Re8 68. Nd5 Bd8 69. Rc1 Rf8 70. Ke4 Ke6 71. Rc8 Kd7 72. Rc1 Re8+
73. Kd3 Rf8 74. Ke4 Ke6 75. Rc8 Kd7 76. Rc1 1/2-1/2

[Event "Paracin 2018"]
[Site "Paracin, Hotel Petrus"]
[Date "2018.07.07"]
[Round "3.36"]
[White "Mar, Karmen"]
[Black "Budisavljevic, Luka"]
[Result "0-1"]
[WhiteElo "2130"]
[BlackElo "2324"]
[PlyCount "164"]
[EventDate "2018.07.06"]

1. e4 c5 2. Nf3 e6 3. g3 d5 4. exd5 exd5 5. d4 Nf6 6. Bg2 Be7 7. O-O O-O 8.
dxc5 Bxc5 9. a3 Bg4 10. b4 Bb6 11. Nc3 h6 12. Na4 Bc7 13. Bb2 Nbd7 14. Re1 Re8
15. Qd2 Re6 16. Rxe6 fxe6 17. h3 Bxf3 18. Bxf3 Be5 19. Re1 Bxb2 20. Nxb2 Kf7
21. Nd3 Qc7 22. Qe2 Re8 23. Nf4 Nf8 24. Nxd5 exd5 25. Bxd5+ Nxd5 26. Qxe8+ Kg8
27. Rd1 Nf6 28. Qe2 N8d7 29. Qe6+ Kh8 30. c4 b6 31. Re1 Nf8 32. Qe2 Ng6 33. Qe6
Nf8 34. Qe2 Qd7 35. Kh2 Qd6 36. Qe3 N8d7 37. Kg1 Qc7 38. Qe6 Nf8 39. Qe2 Qc6
40. Kh2 Ng6 41. Qd3 Nd7 42. Re8+ Kh7 43. h4 Nf6 44. Re1 Ng4+ 45. Kg1 Qh1+ 46.
Kxh1 Nxf2+ 47. Kg2 Nxd3 48. Re3 Nb2 49. c5 bxc5 50. bxc5 Nc4 51. Rc3 Nce5 52.
c6 Ne7 53. c7 Nc8 54. Re3 Nc4 55. Re8 N4d6 56. Re6 Kg8 57. h5 Kf7 58. Re5 Nc4
59. Rf5+ Ke7 60. Rf3 N4d6 61. a4 Ne8 62. Re3+ Kd7 63. Rf3 Ncd6 64. Re3 Nxc7 65.
g4 Nd5 66. Rb3 Nb6 67. Rb4 Kc6 68. Kh3 Kc5 69. Rf4 Nd5 70. Rf8 Nf6 71. Ra8 Kb6
72. Rd8 Kc7 73. Ra8 Nc8 74. Kh4 Ne4 75. g5 Nxg5 76. Kg4 Nh7 77. Kf5 Nf6 78. Kg6
Nxh5 79. Kxh5 Kb7 80. Rxa7+ Nxa7 81. Kg6 Nc6 82. Kxg7 h5 0-1

[Event "Paracin 2018"]
[Site "Paracin, Hotel Petrus"]
[Date "2018.07.07"]
[Round "3.37"]
[White "Konaplev, Anton"]
[Black "Baltic, Fatih"]
[Result "1-0"]
[WhiteElo "2316"]
[BlackElo "2157"]
[PlyCount "101"]
[EventDate "2018.07.06"]

1. d4 Nf6 2. c4 e6 3. Nc3 Bb4 4. e3 O-O 5. Bd3 d5 6. Nf3 dxc4 7. Bxc4 c5 8. O-O
cxd4 9. exd4 b6 10. Bg5 Bb7 11. Qe2 Bxc3 12. bxc3 Nbd7 13. Nd2 Qc7 14. Rac1
Rfe8 15. Rfe1 a6 16. Bb3 h6 17. Bh4 Qc6 18. f3 e5 19. Qc4 Qxc4 20. Nxc4 exd4
21. Bxf6 Nxf6 22. Nxb6 Rxe1+ 23. Rxe1 Rd8 24. Rd1 d3 25. Kf2 Nh5 26. Na4 Nf4
27. Nc5 Bc6 28. Nxa6 Bb5 29. Nc7 Bc6 30. c4 Rd7 31. Na6 Re7 32. Rd2 Bd7 33. Nb4
Bf5 34. g3 Nh3+ 35. Kf1 Re3 36. Bd1 Kf8 37. c5 Ng5 38. Kf2 Re5 39. Nxd3 Bxd3
40. Rxd3 Rxc5 41. Bb3 Ke7 42. Re3+ Kd6 43. f4 Nh7 44. Bxf7 Nf6 45. Rd3+ Kc7 46.
Bb3 Rc1 47. h3 Ne4+ 48. Kf3 Nc5 49. Re3 Kd6 50. Kg4 Nd7 51. Re6+ 1-0

[Event "Paracin 2018"]
[Site "Paracin, Hotel Petrus"]
[Date "2018.07.07"]
[Round "3.38"]
[White "Eswaran, Ashritha"]
[Black "Olcum, Ahmet"]
[Result "1-0"]
[WhiteElo "2092"]
[BlackElo "2316"]
[PlyCount "89"]
[EventDate "2018.07.06"]

1. e4 d6 2. d4 g6 3. Nf3 Bg7 4. Nc3 a6 5. Be2 b5 6. a4 b4 7. Nd5 a5 8. c3 c6 9.
Ne3 Nf6 10. Bd3 Na6 11. O-O O-O 12. Re1 Nd7 13. Bd2 c5 14. Nc4 Rb8 15. d5 Qc7
16. Qe2 Bb7 17. Rac1 e6 18. Ne3 Ra8 19. dxe6 fxe6 20. Ng5 Rfe8 21. Bc4 Nf8 22.
Ng4 d5 23. Bb5 Red8 24. exd5 exd5 25. Ne6 Nxe6 26. Qxe6+ Kh8 27. Bg5 Rf8 28.
Ne5 Rf5 29. f4 c4 30. Bd7 Raf8 31. Nxg6+ hxg6 32. Re3 R8f7 33. Qe8+ Bf8 34.
Bxf5 Bc6 35. Rh3+ Kg8 36. Qe6 gxf5 37. Rg3 Bg7 38. Bh6 Kh8 39. Bxg7+ Rxg7 40.
Qh6+ Kg8 41. Rxg7+ Qxg7 42. Qxc6 Nc7 43. Rd1 Kh7 44. Qd6 b3 45. Re1 1-0

[Event "Paracin 2018"]
[Site "Paracin, Hotel Petrus"]
[Date "2018.07.07"]
[Round "3.39"]
[White "Pantelic, Sasa"]
[Black "Shoboev, Dandar"]
[Result "1-0"]
[WhiteElo "2316"]
[BlackElo "2086"]
[PlyCount "41"]
[EventDate "2018.07.06"]

1. d4 Nf6 2. c4 e6 3. Nf3 b6 4. Bg5 Bb7 5. Nc3 Bb4 6. g3 h6 7. Bxf6 Qxf6 8. Bg2
c5 9. O-O Bxc3 10. bxc3 O-O 11. Qb1 Qe7 12. Ng5 Qxg5 13. Bxb7 Nc6 14. Bxa8 Rxa8
15. Qd3 Rc8 16. f4 Qe7 17. d5 Na5 18. e4 Qd6 19. e5 Qc7 20. Rae1 Qb7 21. f5 1-0

[Event "Paracin 2018"]
[Site "Paracin, Hotel Petrus"]
[Date "2018.07.07"]
[Round "3.40"]
[White "Petrovic, Zoran Z"]
[Black "Avalyan, Artur"]
[Result "0-1"]
[WhiteElo "2025"]
[BlackElo "2315"]
[PlyCount "80"]
[EventDate "2018.07.06"]

1. d4 Nf6 2. c4 e6 3. g3 d5 4. Bg2 dxc4 5. Nf3 c5 6. O-O Nc6 7. Ne5 Bd7 8. Na3
cxd4 9. Naxc4 Rc8 10. Qb3 Nxe5 11. Nxe5 Bc6 12. Rd1 Bxg2 13. Kxg2 Qd5+ 14. Qxd5
Nxd5 15. Rxd4 Bc5 16. Rd1 f6 17. Nd3 Bb6 18. e4 Ne7 19. Bd2 Kf7 20. Bc3 Rhd8
21. f4 Bd4 22. Rac1 Bxc3 23. Rxc3 Rxc3 24. bxc3 Rc8 25. Rc1 Rc4 26. Kf3 Nc6 27.
Ke3 Ra4 28. Rc2 b6 29. Nb4 Nd8 30. Rb2 Nb7 31. Nd3 Nd6 32. Rb4 Rxa2 33. h4 Ke7
34. Rb3 Ra4 35. e5 Nc4+ 36. Ke2 Ra2+ 37. Ke1 fxe5 38. fxe5 Ra5 39. Rb4 Nxe5 40.
Nf4 Nc6 0-1

[Event "Paracin 2018"]
[Site "Paracin, Hotel Petrus"]
[Date "2018.07.07"]
[Round "3.41"]
[White "Milosevic, Milos"]
[Black "Ashid, Tsetseg-Ulzii"]
[Result "1/2-1/2"]
[WhiteElo "2315"]
[BlackElo "2055"]
[PlyCount "51"]
[EventDate "2018.07.06"]

1. e4 e6 2. d4 d5 3. Nc3 Bb4 4. exd5 exd5 5. Bd3 Nc6 6. Nge2 Nge7 7. O-O Bf5 8.
Ng3 Bxd3 9. Qxd3 O-O 10. Nce2 Bd6 11. a3 Bxg3 12. Nxg3 Qd7 13. Re1 Rfe8 14. Be3
Ng6 15. Rac1 Nce7 16. Bg5 f6 17. Bd2 c6 18. Qf3 Nh4 19. Qh5 Nhf5 20. Qg4 Rad8
21. Nh5 Ng6 22. h3 Rxe1+ 23. Rxe1 Nd6 24. Qxd7 Rxd7 25. Bh6 Kf7 26. Bd2 1/2-1/2

[Event "Paracin 2018"]
[Site "Paracin, Hotel Petrus"]
[Date "2018.07.07"]
[Round "3.42"]
[White "Saksham, Rautela"]
[Black "Sredojevic, Ivan"]
[Result "0-1"]
[WhiteElo "2064"]
[BlackElo "2298"]
[PlyCount "58"]
[EventDate "2018.07.06"]

1. e4 b6 2. d4 Bb7 3. Nc3 e6 4. Bd3 d6 5. Be3 Nd7 6. Qd2 c5 7. Nf3 Ngf6 8. O-O
cxd4 9. Nxd4 Be7 10. f3 O-O 11. Rad1 Rc8 12. Be2 a6 13. Qe1 b5 14. a3 Qc7 15.
Qg3 Kh8 16. Kh1 Rg8 17. Nb3 Qb8 18. Bd3 Ne5 19. f4 Nc4 20. Bc1 g6 21. Rde1 Ba8
22. e5 Nh5 23. Qh3 dxe5 24. fxe5 Nxe5 25. Be2 f5 26. Bxh5 gxh5 27. Bf4 Rxg2 28.
Bxe5+ Qxe5 29. Rxe5 Rg3+ 0-1

[Event "Paracin 2018"]
[Site "Paracin, Hotel Petrus"]
[Date "2018.07.07"]
[Round "3.43"]
[White "Bojicic, Andjela"]
[Black "Kecskemeti, Arpad"]
[Result "1-0"]
[WhiteElo "2028"]
[BlackElo "2297"]
[PlyCount "65"]
[EventDate "2018.07.06"]

1. d4 Nf6 2. c4 g6 3. Nc3 Bg7 4. e4 d6 5. f3 O-O 6. Be3 a6 7. Qd2 Nc6 8. Nge2
Na5 9. Nc1 Nd7 10. b4 Nc6 11. Rb1 e5 12. d5 Nd4 13. N1e2 Nxe2 14. Bxe2 f5 15.
O-O f4 16. Bf2 g5 17. c5 Nf6 18. b5 g4 19. cxd6 cxd6 20. bxa6 bxa6 21. Rfc1 g3
22. hxg3 Nh5 23. gxf4 exf4 24. Bd4 Rf7 25. Nd1 Ng3 26. Bf1 Bh3 27. Bf2 Bd7 28.
Bb6 Qh4 29. Nb2 Rb8 30. Bc7 Qf6 31. Bxb8 Qd4+ 32. Qf2 Be5 33. Ba7 1-0

[Event "Paracin 2018"]
[Site "Paracin, Hotel Petrus"]
[Date "2018.07.07"]
[Round "3.44"]
[White "Cerovic, Danilo"]
[Black "Harshini, A."]
[Result "1-0"]
[WhiteElo "2294"]
[BlackElo "2037"]
[PlyCount "77"]
[EventDate "2018.07.06"]

1. e4 e5 2. Nf3 Nc6 3. Nc3 Nf6 4. Bb5 Bc5 5. O-O d6 6. d4 exd4 7. Nxd4 Bd7 8.
Nf5 Rg8 9. Bg5 Ne5 10. Bxf6 gxf6 11. Bxd7+ Qxd7 12. Nd5 Rg6 13. Nh4 O-O-O 14.
Nxg6 hxg6 15. b4 Bb6 16. a4 a6 17. Nxb6+ cxb6 18. f4 Ng4 19. Qd4 Qc6 20. h3 Nh6
21. Ra3 Kb8 22. Rc3 Qxa4 23. Qxb6 Rd7 24. Rd3 Qxc2 25. Rxd6 Qc7 26. Qxc7+ Rxc7
27. Rd8+ Rc8 28. Rfd1 f5 29. e5 Ng8 30. R1d7 Nh6 31. Kf2 b6 32. Rxc8+ Kxc8 33.
Ra7 Kb8 34. Rxa6 Kb7 35. Ra1 Ng8 36. Rd1 Kc7 37. Rd6 b5 38. Ke3 Ne7 39. Kd4 1-0

[Event "Paracin 2018"]
[Site "Paracin, Hotel Petrus"]
[Date "2018.07.07"]
[Round "3.45"]
[White "Altun, Arda"]
[Black "Omorjan, Dejan"]
[Result "1/2-1/2"]
[WhiteElo "1955"]
[BlackElo "2292"]
[PlyCount "83"]
[EventDate "2018.07.06"]

1. e4 c5 2. Nf3 d6 3. Bb5+ Nd7 4. O-O a6 5. Bd3 Ngf6 6. c3 e6 7. Bc2 b5 8. d4
Bb7 9. Re1 Qc7 10. Nbd2 Rc8 11. Bd3 Be7 12. Nf1 O-O 13. Ng3 Rfd8 14. h3 Nf8 15.
Be3 Bc6 16. Qe2 Ng6 17. Rad1 Qb7 18. Bg5 Re8 19. Qc2 cxd4 20. cxd4 d5 21. Bxf6
Bxf6 22. e5 Bd8 23. a3 a5 24. b3 b4 25. a4 Qa7 26. Rc1 Bb6 27. Ne2 Bb7 28. Bb5
Red8 29. Qd3 Qa8 30. h4 Rxc1 31. Rxc1 Rc8 32. Rc2 Rxc2 33. Qxc2 Qc8 34. Qxc8+
Bxc8 35. h5 Ne7 36. g4 f6 37. Kg2 Kf7 38. Kg3 h6 39. Kf4 Bb7 40. Ke3 Bc6 41.
Bd3 Bd7 42. Nf4 1/2-1/2

[Event "Paracin 2018"]
[Site "Paracin, Hotel Petrus"]
[Date "2018.07.07"]
[Round "3.46"]
[White "Danaci, Ege"]
[Black "Yordanov, Lachezar"]
[Result "0-1"]
[WhiteElo "1902"]
[BlackElo "2290"]
[PlyCount "68"]
[EventDate "2018.07.06"]

1. e4 c6 2. Nc3 d5 3. Nf3 Bg4 4. h3 Bxf3 5. Qxf3 e6 6. d3 Nf6 7. Qg3 d4 8. Nb1
Nbd7 9. Be2 e5 10. O-O Qc7 11. Nd2 h6 12. Nc4 b5 13. Nd2 g5 14. Nb3 Bd6 15. a4
b4 16. Nd2 a5 17. Nc4 Nb6 18. Qf3 Nfd7 19. Nxd6+ Qxd6 20. Qf5 Nc8 21. h4 Ne7
22. Qh3 Rg8 23. h5 O-O-O 24. g3 Kb7 25. Kh2 Rdf8 26. f4 gxf4 27. gxf4 f5 28.
Qh4 Qc5 29. fxe5 Nxe5 30. Bxh6 Rf7 31. Rac1 Ng4+ 32. Bxg4 Rxg4 33. Qh3 Qd6+ 34.
Kh1 Qxh6 0-1

[Event "Paracin 2018"]
[Site "Paracin, Hotel Petrus"]
[Date "2018.07.07"]
[Round "3.47"]
[White "Gomes, Mary Ann"]
[Black "Rakshitta, Ravi"]
[Result "1-0"]
[WhiteElo "2284"]
[BlackElo "2026"]
[PlyCount "105"]
[EventDate "2018.07.06"]

1. Nf3 Nf6 2. g3 d5 3. Bg2 e6 4. b3 Be7 5. Bb2 O-O 6. c4 c5 7. O-O Nc6 8. e3 d4
9. exd4 cxd4 10. Re1 d3 11. a3 a5 12. Nc3 Bc5 13. Na4 Bd6 14. Re3 e5 15. h3 Re8
16. Qe1 Bd7 17. Ng5 h6 18. Rxd3 Bf5 19. Ne4 Nd4 20. Rc1 Nxe4 21. Bxe4 Bxh3 22.
Qe3 Bf5 23. Rxd4 exd4 24. Qxd4 Be5 25. Qxd8 Raxd8 26. Bxf5 Bxb2 27. Nxb2 Rxd2
28. Na4 Ra2 29. Nc3 Rxa3 30. Bd7 Rd8 31. Ba4 g6 32. Kg2 Kg7 33. Kf3 h5 34. Ke3
g5 35. c5 Kg6 36. Nb5 Ra2 37. Nd6 Rb8 38. Be8 Kg7 39. Bxf7 h4 40. gxh4 gxh4 41.
Bd5 Rb2 42. Rh1 Rc2 43. Nxb7 Re8+ 44. Kd3 Rxf2 45. Rxh4 Ref8 46. c6 Rf1 47.
Nxa5 R8f5 48. Rd4 Rh5 49. Kc4 Rc1+ 50. Kb5 Kf6 51. Nc4 Rh7 52. Kb6 Rc3 53. b4
1-0

[Event "Paracin 2018"]
[Site "Paracin, Hotel Petrus"]
[Date "2018.07.07"]
[Round "3.48"]
[White "Caberoglu, Arda"]
[Black "Colovic, Dusan"]
[Result "0-1"]
[WhiteElo "1869"]
[BlackElo "2279"]
[PlyCount "110"]
[EventDate "2018.07.06"]

1. e4 g6 2. d4 Bg7 3. Nc3 d6 4. Be3 a6 5. a4 b6 6. f3 Nd7 7. Bc4 e6 8. Nge2 Ne7
9. Qd2 h6 10. Nf4 Nf8 11. O-O Bb7 12. b4 d5 13. exd5 exd5 14. Bb3 Qd7 15. b5 a5
16. Rae1 O-O-O 17. Bf2 Ne6 18. Nxe6 fxe6 19. Ne2 g5 20. c3 Nf5 21. Bc2 Nd6 22.
Bd3 Qf7 23. Bg3 Nc4 24. Bxc4 dxc4 25. Qe3 Qf5 26. Nc1 Bd5 27. Rf2 Rhg8 28. Be5
g4 29. fxg4 Qxg4 30. Qg3 Bxe5 31. Qxg4 Bxh2+ 32. Kxh2 Rxg4 33. Ne2 Re4 34. Rc1
Rg8 35. Rc2 Rgg4 36. g3 h5 37. Rf4 Re3 38. Rxg4 hxg4 39. Nf4 c6 40. Nxd5 cxd5
41. Kg2 Kd7 42. Kf2 Rf3+ 43. Kg2 Kd6 44. Rc1 e5 45. dxe5+ Kxe5 46. Re1+ Kd6 47.
Re8 Rxc3 48. Rc8 Rc2+ 49. Kf1 d4 50. Rc6+ Kd5 51. Rxb6 d3 52. Rb8 c3 53. Rd8+
Ke4 54. b6 Rb2 55. Rf8 c2 0-1

[Event "Paracin 2018"]
[Site "Paracin, Hotel Petrus"]
[Date "2018.07.07"]
[Round "3.50"]
[White "Ayan, Bengu Sena"]
[Black "Martic, Zlatko"]
[Result "1/2-1/2"]
[WhiteElo "1787"]
[BlackElo "2264"]
[PlyCount "95"]
[EventDate "2018.07.06"]

1. d4 d5 2. c4 c6 3. Nf3 Nf6 4. Qc2 dxc4 5. Qxc4 Nbd7 6. Nc3 e6 7. g3 a6 8. Bg2
c5 9. Qd3 cxd4 10. Nxd4 Nc5 11. Qd1 e5 12. Nc2 Qxd1+ 13. Nxd1 Bf5 14. Nce3 Be4
15. O-O Bxg2 16. Kxg2 O-O-O 17. Nc3 Nfe4 18. Ned5 Nxc3 19. Nxc3 Ne6 20. Be3 Bc5
21. Bxc5 Nxc5 22. Rfd1 Kb8 23. Rac1 Rc8 24. Nd5 Ne6 25. Nb6 Rxc1 26. Rxc1 Rd8
27. Rc2 Rd6 28. Nc4 Rd5 29. b3 f6 30. Rd2 Rxd2 31. Nxd2 Kc7 32. Kf3 Kc6 33. Ke3
b5 34. a3 Nd4 35. Kd3 f5 36. e3 Ne6 37. f3 g5 38. Kc3 a5 39. g4 f4 40. exf4
exf4 41. Ne4 h6 42. Nf6 Nd8 43. Ng8 Nf7 44. Kd4 Kd6 45. Nf6 Ne5 46. Ne8+ Ke6
47. Nc7+ Kf6 48. Ne8+ 1/2-1/2

[Event "Paracin 2018"]
[Site "Paracin, Hotel Petrus"]
[Date "2018.07.07"]
[Round "3.51"]
[White "Uzumcu, Ahmet Utku"]
[Black "Vlassis, Georgios"]
[Result "1/2-1/2"]
[WhiteElo "2261"]
[BlackElo "2005"]
[PlyCount "154"]
[EventDate "2018.07.06"]

1. e4 c6 2. d4 d5 3. Nd2 dxe4 4. Nxe4 Nf6 5. Nxf6+ gxf6 6. c3 h5 7. Nf3 h4 8.
h3 Bf5 9. Bd3 Bxd3 10. Qxd3 e6 11. Bd2 Nd7 12. O-O-O Nb6 13. Kb1 Qc7 14. c4
O-O-O 15. Qe2 Rd7 16. b3 Be7 17. Bc3 Qf4 18. Qe3 Qf5+ 19. Ka1 Bd6 20. Rhe1 Bf4
21. Qe4 Qxe4 22. Rxe4 e5 23. Ree1 Rhd8 24. Kb1 exd4 25. Rxd4 Be5 26. Rxd7 Nxd7
27. Bxe5 Nxe5 28. Nxe5 fxe5 29. Rxe5 Rg8 30. Rf5 Rxg2 31. Rxf7 Rh2 32. Rf3 c5
33. Kc2 Kc7 34. Kd3 a5 35. Ke4 Rg2 36. Kf5 Rg1 37. Rf4 Rg2 38. Ke4 Kd6 39. Kf3
Rg1 40. Rxh4 Ra1 41. Rh6+ Kc7 42. Re6 Rxa2 43. h4 Rb2 44. Re3 Rc2 45. h5 a4 46.
bxa4 Rxc4 47. Re4 Rc3+ 48. Kg2 Rd3 49. h6 Rd6 50. Rh4 Rd8 51. h7 Rh8 52. Rh6
Kd7 53. Kf3 Ke8 54. Ke4 Kf8 55. Kd5 Kg7 56. Rh4 b6 57. Kc6 Rxh7 58. Rg4+ Kf8
59. Kxb6 Rf7 60. Kxc5 Rxf2 61. Re4 Rf5+ 62. Kb4 Rf1 63. a5 Rb1+ 64. Kc5 Rc1+
65. Kb6 Rb1+ 66. Ka7 Kf7 67. a6 Rb2 68. Re5 Rb1 69. Re4 Rb2 70. Re3 Rb1 71. Re2
Rb3 72. Re1 Rb2 73. Re5 Rb1 74. Re4 Rb2 75. Re3 Rb1 76. Re5 Rb2 77. Re3 Rb1
1/2-1/2

[Event "Paracin 2018"]
[Site "Paracin, Hotel Petrus"]
[Date "2018.07.07"]
[Round "3.52"]
[White "Olson, Hamish"]
[Black "Damjanovic, Vuk"]
[Result "1-0"]
[WhiteElo "2229"]
[BlackElo "1939"]
[PlyCount "39"]
[EventDate "2018.07.06"]

1. d4 Nf6 2. Nf3 c5 3. e3 d5 4. c4 cxd4 5. exd4 Nc6 6. Nc3 e6 7. cxd5 exd5 8.
Bb5 Bg4 9. h3 Bh5 10. Qa4 Qb6 11. Ne5 Rc8 12. g4 Bg6 13. g5 Nd7 14. Nxd7 Kxd7
15. Nxd5 Qd8 16. O-O a6 17. Be2 h5 18. Nc3 Bd6 19. d5 b5 20. dxc6+ 1-0

[Event "Paracin 2018"]
[Site "Paracin, Hotel Petrus"]
[Date "2018.07.07"]
[Round "3.53"]
[White "Stanojevic, Ilija"]
[Black "Jovanovic, Sasa T"]
[Result "1-0"]
[WhiteElo "2120"]
[BlackElo "2258"]
[PlyCount "59"]
[EventDate "2018.07.06"]

1. c4 g6 2. Nf3 Bg7 3. d4 d6 4. g3 Nf6 5. Bg2 O-O 6. O-O c6 7. Nc3 Bf5 8. h3
Ne4 9. Nh4 Nxc3 10. bxc3 Be6 11. d5 cxd5 12. cxd5 Bd7 13. Rb1 b6 14. e4 Bxc3
15. Bh6 Bg7 16. Bxg7 Kxg7 17. Qd4+ Kg8 18. f4 Na6 19. e5 Qe8 20. e6 fxe6 21.
dxe6 Bxe6 22. Rbe1 Bf7 23. f5 g5 24. Qg4 h6 25. Ng6 Bxg6 26. fxg6 Nc5 27. Rxf8+
Qxf8 28. Rf1 Qe8 29. Qh5 e6 30. Rf7 1-0

[Event "Paracin 2018"]
[Site "Paracin, Hotel Petrus"]
[Date "2018.07.07"]
[Round "3.54"]
[White "Radojkovic, Stefan"]
[Black "Ninov, Dayan"]
[Result "0-1"]
[WhiteElo "2105"]
[BlackElo "2229"]
[PlyCount "68"]
[EventDate "2018.07.06"]

1. e4 d6 2. Nc3 Nf6 3. d4 e5 4. Nf3 Nbd7 5. Bc4 Be7 6. h3 O-O 7. Be3 a6 8. a4
b6 9. dxe5 dxe5 10. Bd5 Rb8 11. Qd3 Nxd5 12. Nxd5 Bd6 13. Rd1 Re8 14. Qc4 h6
15. g4 Nf6 16. g5 Nxd5 17. Qxd5 Bb7 18. Qc4 b5 19. axb5 axb5 20. Qd3 hxg5 21.
Nxg5 Qf6 22. Rg1 Red8 23. Qe2 g6 24. h4 Bb4+ 25. c3 Rxd1+ 26. Qxd1 Rd8 27. Qb3
Ra8 28. Ke2 Bf8 29. h5 Bg7 30. hxg6 Qxg6 31. f3 Qh5 32. Rg2 Ra1 33. Bg1 Bc6 34.
Qc2 Rxg1 0-1

[Event "Paracin 2018"]
[Site "Paracin, Hotel Petrus"]
[Date "2018.07.07"]
[Round "3.55"]
[White "Sahil, Tickoo"]
[Black "Isha, Sharma"]
[Result "0-1"]
[WhiteElo "2202"]
[BlackElo "2062"]
[PlyCount "72"]
[EventDate "2018.07.06"]

1. d4 d6 2. e4 Nf6 3. Nc3 e5 4. Nf3 Nbd7 5. g4 exd4 6. Qxd4 Nxg4 7. Rg1 Nde5 8.
Nxe5 Nxe5 9. Be2 Be6 10. Be3 Bc4 11. f4 Qh4+ 12. Bf2 Qxf4 13. Bg3 Bxe2 14. Qa4+
b5 15. Bxf4 Nf3+ 16. Kf2 bxa4 17. Rg3 Nd4 18. Nxe2 Ne6 19. Rc3 Rb8 20. Rb1 Rb4
21. Kf3 g5 22. a3 Rb5 23. Be3 Bg7 24. Rc4 Ra5 25. Nc3 h5 26. Nxa4 g4+ 27. Kg2
Kd7 28. b3 f5 29. Rf1 Rf8 30. exf5 Raxf5 31. Rxf5 Rxf5 32. Bd2 Bd4 33. Bh6 h4
34. Nc3 Rf2+ 35. Kh1 Rf1+ 36. Kg2 Rg1# 0-1

[Event "Paracin 2018"]
[Site "Paracin, Hotel Petrus"]
[Date "2018.07.07"]
[Round "3.56"]
[White "Bergsson, Stefan"]
[Black "Radovic, Stefan"]
[Result "1-0"]
[WhiteElo "2192"]
[BlackElo "2045"]
[PlyCount "69"]
[EventDate "2018.07.06"]

1. e4 c5 2. Nc3 Nc6 3. Bb5 g6 4. Bxc6 dxc6 5. f4 Bg7 6. Nf3 Nf6 7. O-O Bg4 8.
Qe1 Bxf3 9. Rxf3 Qd7 10. d3 b6 11. e5 Ng4 12. h3 Nh6 13. g4 O-O-O 14. a4 a5 15.
Be3 f6 16. Ra3 fxe5 17. Rb3 Qc7 18. fxe5 Rhf8 19. Rxf8 Rxf8 20. d4 Nf7 21. e6
cxd4 22. exf7 dxe3 23. Qxe3 Kb7 24. Ne4 Rxf7 25. Nc5+ Ka7 26. Ne6 Qb8 27. Rd3
Be5 28. Rd7+ Ka6 29. Qd3+ b5 30. Nc5+ Kb6 31. Rb7+ Kxc5 32. Rxb8 Bxb8 33. axb5
cxb5 34. Qe3+ Kd6 35. Qb6+ 1-0